000 00321nam a2200145Ia 4500
100 _aSinha/Alok K
942 _cBK
654 _aNetwork in windows
245 _aNetwork Programming in Windows
260 _bAddison Wesly
_aReading
_c1996
082 _a5.2
_bSIN
300 _a619
546 _aENGLISH
999 _c31467
_d31467